Мраморный дворец в Санкт-Петербурге. Век восемнадцатый (Запись № 416270)
[ простой вид ]
| 000 -МАРКЕР | |
|---|---|
| контрольное поле | 01654nam0a2200385 4500 |
| 001 - ИДЕНТИФИКАТОР ЗАПИСИ | |
| контрольное поле | RU\NLR\bibl\380046 |
| 005 - ИДЕНТИФИКАТОР ВЕРСИИ | |
| контрольное поле | 20250622153227.0 |
| 021 ## - НОМЕР ГОСУДАРСТВЕННОЙ РЕГИСТРАЦИИ | |
| Код страны | Российская Федерация |
| Номер | 2003-2388 |
| Номер Листа государственной регистраци | 106 |
| 035 ## - ДРУГИЕ СИСТЕМНЫЕ НОМЕРА | |
| Идентификатор записи | (NLR Aleph) 000374465 |
| 100 ## - ДАННЫЕ ОБЩЕЙ ОБРАБОТКИ | |
| Данные общей обработки | 20030304d2002 |||y0rusy50 ca |
| 101 0# - ЯЗЫК РЕСУРСА | |
| Язык текста, звукозаписи и т.д. | русский |
| 102 ## - СТРАНА ПУБЛИКАЦИИ ИЛИ ПРОИЗВОДСТВА | |
| Страна публикации | Российская Федерация |
| 105 ## - ПОЛЕ КОДИРОВАННЫХ ДАННЫХ: ТЕКСТОВЫЕ МАТЕРИАЛЫ, МОНОГРАФИЧЕСКИЕ | |
| Кодированные данные о монографическом текстовом документе | a ||||||||| |
| 200 1# - ЗАГЛАВИЕ И СВЕДЕНИЯ ОБ ОТВЕТСТВЕННОСТИ | |
| Основное заглавие | Мраморный дворец в Санкт-Петербурге. Век восемнадцатый |
| Первые сведения об ответственности | А. Е. Ухналев |
| 210 ## - ПУБЛИКАЦИЯ, РАСПРОСТРАНЕНИЕ И ДР. | |
| Место издания, распространения и т.д. | СПб. |
| Имя издателя, распространителя и т. д. | Левша. Санкт-Петербург |
| Дата издания, распространения и т.д. | 2002 |
| 215 ## - ФИЗИЧЕСКАЯ ХАРАКТЕРИСТИКА | |
| Специфическое обозначение материала и объем | 236,[1] с., [5] л. ил. |
| Другие сведения о физической характеристике | ил. |
| Размеры | 21 |
| 320 ## - ПРИМЕЧАНИЯ О НАЛИЧИИ В ДОКУМЕНТЕ БИБЛИОГРАФИИ / УКАЗАТЕЛЯ | |
| Текст примечания | Библиогр. в примеч. в конце разд. |
| 601 02 - НАИМЕНОВАНИЕ ОРГАНИЗАЦИИ КАК ПРЕДМЕТ | |
| Начальный элемент ввода | Мраморный дворец |
| Идентифицирующий признак | Санкт-Петербург, город |
| Тематический подзаголовок | Архитектура |
| Системный номер авторитетной/нормативной записи | 2284033 |
| Идентификатор авторитетной/нормативной записи | RU\NLR\AUTH\661368277 |
| 610 0# - НЕКОНТРОЛИРУЕМЫЕ ПРЕДМЕТНЫЕ ТЕРМИНЫ | |
| Предметный термин | Архитектурные памятники |
| 610 0# - НЕКОНТРОЛИРУЕМЫЕ ПРЕДМЕТНЫЕ ТЕРМИНЫ | |
| Предметный термин | Дворцовая архитектура русская |
| 610 0# - НЕКОНТРОЛИРУЕМЫЕ ПРЕДМЕТНЫЕ ТЕРМИНЫ | |
| Предметный термин | Санкт-Петербург, архитектур. памятники |
| 675 ## - УНИВЕРСАЛЬНАЯ ДЕСЯТИЧНАЯ КЛАССИФИКАЦИЯ (UDC/УДК) | |
| Индекс | 725.111(471.23-25) |
| Издание | 3 |
| Язык издания | rus |
| 686 ## - ИНДЕКСЫ ДРУГИХ КЛАССИФИКАЦИЙ | |
| Индекс | 67.07 |
| Код системы | |
| 686 ## - ИНДЕКСЫ ДРУГИХ КЛАССИФИКАЦИЙ | |
| Индекс | 85.113(2) |
| Код системы | |
| 686 ## - ИНДЕКСЫ ДРУГИХ КЛАССИФИКАЦИЙ | |
| Индекс | Щ113(2Р=Рус)92Петербург7Мраморный дворец |
| 700 #1 - ИМЯ ЛИЦА - ПЕРВИЧНАЯ ОТВЕТСТВЕННОСТЬ | |
| Начальный элемент ввода | Ухналев |
| Часть имени, кроме начального элемента ввода | А. Е. |
| Даты | 1960- |
| Расширение инициалов личного имени | Андрей Евгеньевич |
| Код отношения | Автор |
| 801 #0 - ИСТОЧНИК ЗАПИСИ | |
| Страна | Российская Федерация |
| Организация | RKP |
| Дата составления | 20030304 |
| Правила каталогизации | PSBO |
| 801 #1 - ИСТОЧНИК ЗАПИСИ | |
| Страна | Российская Федерация |
| Организация | RKP |
| Дата составления | 20030304 |
| 801 #2 - ИСТОЧНИК ЗАПИСИ | |
| Страна | Российская Федерация |
| Организация | NLR |
| Дата составления | 20030417 |
| Правила каталогизации | rcr |
| 942 ## - ДОПОЛНИТЕЛЬНЫЕ ЭЛЕМЕНТЫ ЗАПИСИ (АБИС) | |
| Тип экземпляра АБИС | Книга |
| 980 ## - КОЛЛЕКЦИЯ | |
| Название коллекции | Национальная библиография |
| 981 43 - КОЛЛЕКЦИЯ ЭЛЕКТРОННОЙ БИБЛИОТЕКИ | |
| Название коллекции | Тематическая подборка Санкт-Петербург |
| Название подколлекции | 02.5. Дворцы. Особняки. Дома |
| Тип экземпляра | Дата поступления | Источник поступления | Библиотека постоянного хранения | Библиотека текущего хранения | Место хранения | Шифр хранения | Штрих-код | Статус экземпляра | Стоимость |
|---|---|---|---|---|---|---|---|---|---|
| Книга | 21.03.2003 | Обязательный экземпляр | РНБ (Московский) | РНБ (Московский) | Русский книжный фонд: издания с 1957 года | 2003-3/7362 | 1-204830 | ||
| Книга | 21.03.2003 | Обязательный экземпляр | РНБ (Московский) | РНБ (Московский) | Русский книжный фонд: издания с 1957 года | 2003-3/7362 | 1-1678186 | ||
| Книга | 17.09.2003 | Покупка | РНБ (Садовая) | РНБ (Садовая) | Фонд научного зала литературы и искусства | Л2 Щ11(2)9/П-292у | 1-195066 | 165.00 | |
| Книга | 17.09.2003 | Покупка | РНБ (Фонтанка) | РНБ (Фонтанка) | Юношеский читальный зал | Ю Т3(2-2СПб)/У-89 | 1-545942 | 165.00 |